Slow Growth (Record no. 66507)

MARC details
000 -LEADER
fixed length control field 00813cam a2200217 4500
001 - CONTROL NUMBER
control field WB3712-13
008 - FIXED-LENGTH DATA ELEMENTS--GENERAL INFORMATION
fixed length control field 000000n2001 000 0 eng u
035 ## - SYSTEM CONTROL NUMBER
System control number (Sirsi) u111616
245 ## - TITLE STATEMENT
Title Slow Growth
260 ## - PUBLICATION, DISTRIBUTION, ETC.
Date of publication, distribution, etc. 2001
490 ## - SERIES STATEMENT
Series statement Financial Times
Volume/sequential designation 16 March 2001, 28(1)
520 ## - SUMMARY, ETC.
Summary, etc. The IPD Monthly Index for February 2001 shows that rental value growth fell to an annualised 3.7% last month, and that retail rental growth also slowed to 2.2%. Property returns dropped below 10% for the first time since 1997 but these remain the best for any asset class.
590 ## - LOCAL NOTE (RLIN)
Local note WB
650 ## - SUBJECT ADDED ENTRY--TOPICAL TERM
Topical term or geographic name entry element IPD MONTHLY INDEX
650 ## - SUBJECT ADDED ENTRY--TOPICAL TERM
Topical term or geographic name entry element PROPERTY RETURNS
650 ## - SUBJECT ADDED ENTRY--TOPICAL TERM
Topical term or geographic name entry element RETAIL RENTS
650 ## - SUBJECT ADDED ENTRY--TOPICAL TERM
Topical term or geographic name entry element RETAIL SECTOR
650 ## - SUBJECT ADDED ENTRY--TOPICAL TERM
Topical term or geographic name entry element RETURNS
690 ## - LOCAL SUBJECT ADDED ENTRY--TOPICAL TERM (OCLC, RLIN)
Topical term or geographic name as entry element PROPERTY-COMMERCIAL PROPERTY-COMMERCIAL PROPERTY MARKET
942 ## - ADDED ENTRY ELEMENTS (KOHA)
Suppress in OPAC 0
Holdings
Withdrawn status Lost status Source of classification or shelving scheme Damaged status Not for loan Home library Current library Shelving location Date acquired Total Checkouts Full call number Barcode Date last seen Copy number Price effective from Koha item type
    Dewey Decimal Classification     London London News article 22/03/2001   WB3712-13 111616-1001 06/08/2019 1 06/08/2019 News article